| 000 | 00971nam a22002297a 4500 | ||
|---|---|---|---|
| 999 |
_c19346 _d19346 |
||
| 003 | AR-CdUCM | ||
| 008 | 190517b ||||| |||| 00| 0 spa d | ||
| 040 |
_aMUNICIPALIDAD PROVINCIAL DEL CUSCO _cBIBLIOTECA MUNICIPAL DEL CUSCO |
||
| 041 | _heng. | ||
| 082 |
_a370.82 / _bL86 |
||
| 100 |
_aLevine, Samuel _938641 |
||
| 245 |
_aIntroducción a la medición en psicología y en educación : _bManual autoprogramado / |
||
| 260 |
_aBuenos Aires : _bCentro Regional de Ayuda Técnica, Agencia para el Desarrollo Internacional, _c1973. |
||
| 300 |
_a196 paginas ; _c23 cm. |
||
| 505 | _aContenido :Características y tipos de medición --Muestreo de conductas y validez de tests --Errores de medición y confiabilidad --Análisis de los items ... | ||
| 650 |
_aPsicología _91538 |
||
| 650 |
_aMedición (Psicopedagogí) _940631 |
||
| 700 |
_aElzey, Freeman _98731 |
||
| 700 |
_aVetrano, Silvia (traductora.) _940632 |
||
| 942 |
_2ddc _cLIBROS |
||
| 945 |
_arjall _d2019-05-17 |
||